<?xml version="1.0" encoding="UTF-8"?>
<record
    xmlns:xsi="http://www.w3.org/2001/XMLSchema-instance"
    xsi:schemaLocation="http://www.loc.gov/MARC21/slim http://www.loc.gov/standards/marcxml/schema/MARC21slim.xsd"
    xmlns="http://www.loc.gov/MARC21/slim">

  <leader>02029    a2200241   4500</leader>
  <controlfield tag="001">39153</controlfield>
  <controlfield tag="005">20260407155650.0</controlfield>
  <controlfield tag="008">260407a1991    arg                 spa d</controlfield>
  <controlfield tag="003">AR-UNSa-BCEJYS</controlfield>
  <datafield tag="040" ind1=" " ind2=" ">
    <subfield code="a">AR-UNSa-BCEJYS</subfield>
    <subfield code="b">spa</subfield>
    <subfield code="c">AR-UNSa-BCEJYS</subfield>
  </datafield>
  <datafield tag="080" ind1=" " ind2=" ">
    <subfield code="a">366.1</subfield>
    <subfield code="x">Conducta del consumidor (Comportamiento del consumidor)</subfield>
  </datafield>
  <datafield tag="245" ind1="1" ind2="0">
    <subfield code="a">Comportamiento del consumidor</subfield>
  </datafield>
  <datafield tag="020" ind1=" " ind2=" ">
    <subfield code="a">978-968-880-185-7</subfield>
  </datafield>
  <datafield tag="250" ind1=" " ind2=" ">
    <subfield code="a">3a. ed</subfield>
  </datafield>
  <datafield tag="264" ind1=" " ind2="1">
    <subfield code="a">M&#xE9;xico :</subfield>
    <subfield code="b">Prentice-Hall Hispanoamericana</subfield>
    <subfield code="c">1991</subfield>
  </datafield>
  <datafield tag="300" ind1=" " ind2=" ">
    <subfield code="a">740 p.</subfield>
    <subfield code="c">24 cm.</subfield>
  </datafield>
  <datafield tag="505" ind1=" " ind2=" ">
    <subfield code="a">Parte I.: Introducci&#xF3;n: 1. Comporamiento del consumidor, introducci&#xF3;n - 2. Segmentaci&#xF3;n de mercado - 3. Parte II: El consumidor como individuo: 3. Necesidades y motivaci&#xF3;n del consumidor - 4. Personalidad y comportamiento del consumidor - 5. Psicograficos del consumidor - 6. Percepci&#xF3;n del consumidor - 7. Aprendizaje y participaci&#xF3;n del consumidor - 8. Naturaleza de las actitudes del consumidor - 9. Formaci&#xF3;n y cambio de actitudes del consumidor - 10. Comunicaci&#xF3;n y comportamiento del consumidor - Parte III: Los consumidores en el ambito cultural y social: 11. Din&#xE1;mica de grupo y grupos de referencia del consmidor - 12. La familia - 13. Clase social y comportamiento del consumidor - 14. Influencia de la cultura en el comportamiento del consumidor - 15. Aspectos subculturales interculturales del comportamiento del consumidor - 16. Influencia personal y el proceso del liderazgo de opini&#xF3;n - 17. Divulgaci&#xF3;n de las innovaciones - 18. Toma de decisiones del consumidor - 19. Modelos de toma de decisiones del consumidor - Parte V:Ampliaci&#xF3;n del concepto del comportamiento del consumidor: 20. Aplicaciones del comportamiento del consumidor a organizaciones de servicios lucrativas y no lucrativas: consideraciones de pol&#xED;tica p&#xFA;blica - </subfield>
  </datafield>
  <datafield tag="942" ind1=" " ind2=" ">
    <subfield code="c">BK</subfield>
  </datafield>
  <datafield tag="590" ind1=" " ind2=" ">
    <subfield code="a">niveau_biblio:m niveau_hierar:0</subfield>
  </datafield>
  <datafield tag="100" ind1="1" ind2=" ">
    <subfield code="a">Schiffman, Leon G.</subfield>
  </datafield>
  <datafield tag="700" ind1="1" ind2=" ">
    <subfield code="a">Lazar Kanuk, Leslie</subfield>
  </datafield>
  <datafield tag="856" ind1="4" ind2="1">
    <subfield code="u">https://biblioeco.unsa.edu.ar/pmb/images/libros/L58899.jpg</subfield>
    <subfield code="y">Imagen de portada</subfield>
    <subfield code="q">image/jpeg</subfield>
  </datafield>
  <datafield tag="999" ind1=" " ind2=" ">
    <subfield code="c">2962</subfield>
    <subfield code="d">2962</subfield>
  </datafield>
  <datafield tag="952" ind1=" " ind2=" ">
    <subfield code="0">0</subfield>
    <subfield code="1">0</subfield>
    <subfield code="4">0</subfield>
    <subfield code="7">0</subfield>
    <subfield code="a">BCEJYS</subfield>
    <subfield code="b">BCEJYS</subfield>
    <subfield code="c">16</subfield>
    <subfield code="d">2026-04-07</subfield>
    <subfield code="l">0</subfield>
    <subfield code="o">366.1 S333 3ed.</subfield>
    <subfield code="p">L58900</subfield>
    <subfield code="r">2026-04-07 15:56:50</subfield>
    <subfield code="w">2026-04-07</subfield>
    <subfield code="y">L</subfield>
  </datafield>
  <datafield tag="952" ind1=" " ind2=" ">
    <subfield code="0">0</subfield>
    <subfield code="1">0</subfield>
    <subfield code="4">0</subfield>
    <subfield code="7">0</subfield>
    <subfield code="a">BCEJYS</subfield>
    <subfield code="b">BCEJYS</subfield>
    <subfield code="c">16</subfield>
    <subfield code="d">2026-04-07</subfield>
    <subfield code="l">0</subfield>
    <subfield code="o">366.1 S333 3ed.</subfield>
    <subfield code="p">L69699</subfield>
    <subfield code="r">2026-04-07 15:56:50</subfield>
    <subfield code="w">2026-04-07</subfield>
    <subfield code="y">L</subfield>
  </datafield>
  <datafield tag="952" ind1=" " ind2=" ">
    <subfield code="0">0</subfield>
    <subfield code="1">0</subfield>
    <subfield code="4">0</subfield>
    <subfield code="7">0</subfield>
    <subfield code="a">BCEJYS</subfield>
    <subfield code="b">BCEJYS</subfield>
    <subfield code="c">16</subfield>
    <subfield code="d">2026-04-07</subfield>
    <subfield code="l">0</subfield>
    <subfield code="o">366.1 S333 3ed.</subfield>
    <subfield code="p">L58899</subfield>
    <subfield code="r">2026-04-07 15:56:50</subfield>
    <subfield code="w">2026-04-07</subfield>
    <subfield code="y">L</subfield>
  </datafield>
  <datafield tag="952" ind1=" " ind2=" ">
    <subfield code="0">0</subfield>
    <subfield code="1">0</subfield>
    <subfield code="4">0</subfield>
    <subfield code="7">0</subfield>
    <subfield code="a">BCEJYS</subfield>
    <subfield code="b">BCEJYS</subfield>
    <subfield code="c">16</subfield>
    <subfield code="d">2026-04-07</subfield>
    <subfield code="l">0</subfield>
    <subfield code="o">366.1 S333 3ed.</subfield>
    <subfield code="p">L69700</subfield>
    <subfield code="r">2026-04-07 15:56:50</subfield>
    <subfield code="w">2026-04-07</subfield>
    <subfield code="y">L</subfield>
  </datafield>
</record>
